[Event "Prague op 21st"]
[Site "Prague"]
[Date "2023.01.08"]
[Round "4"]
[White "Krasovskiy, Kirill"]
[Black "Neuman, Petr"]
[Result "0-1"]
[WhiteElo "2188"]
[BlackElo "2393"]
[PlyCount "71"]
[EventDate "2023.01.06"]
[EventType "swiss"]
[EventRounds "9"]
[EventCountry "CZE"]
[SourceTitle "CBM 212 Extra"]
[Source "ChessBase"]
[SourceDate "2023.03.31"]
[SourceVersion "1"]
[SourceVersionDate "2023.03.31"]
[SourceQuality "1"]

1. e4 c5 2. Nf3 Nc6 3. Bb5 g6 4. Bxc6 dxc6 5. d3 Qc7 6. h3 e5 7. Be3 Nf6 8. Qd2 b6 9. 0-0 Nh5 10. a3 a5 11. Nc3 f6 12. Na4 Rb8 13. c3 Be7 14. b4 axb4 15. axb4 cxb4 16. cxb4 0-0 17. d4 Nf4 18. Rfd1 g5 19. d5 cxd5 20. Bxf4 gxf4 21. Qxd5+ Kh8 22. Rac1 Qb7 23. b5 Qxd5 24. exd5 Rd8 25. d6 Bxd6 26. Rc6 Be7 27. Rdc1 Bd7 28. Rxb6 Bxb5 29. Re6 Bf8 30. Nb6 e4 31. Nh4 e3 32. fxe3 fxe3 33. Nf3 e2 34. Kf2 Rd1 35. Rc7 Bd6 36. Nc4 0-1

[Event "Pardubice op rap 24th"]
[Site "Pardubice"]
[Date "2013.07.18"]
[Round "8"]
[White "Krasovskiy, Kirill"]
[Black "Turner, Jan"]
[Result "0-1"]
[WhiteElo "2045"]
[BlackElo "2362"]
[PlyCount "80"]
[EventDate "2013.07.17"]
[EventType "swiss (rapid)"]
[EventRounds "9"]
[EventCountry "CZE"]
[SourceTitle "CBM 155 Extra"]
[Source "ChessBase"]
[SourceDate "2013.08.26"]
[SourceVersion "1"]
[SourceVersionDate "2013.08.26"]
[SourceQuality "1"]

1. e4 d6 2. d4 Nf6 3. Nc3 e5 4. Nf3 exd4 5. Nxd4 Be7 6. Be2 0-0 7. 0-0 Re8 8. f4 c5 9. Nf3 Nc6 10. Re1 Bf8 11. Bd3 Qb6 12. Na4 Qa5 13. c4 Bg4 14. Nc3 Nd4 15. Be3 a6 16. Rf1 b5 17. cxb5 Nxb5 18. Nxb5 axb5 19. h3 Bf5 20. e5 Bxd3 21. Qxd3 c4 22. Qf5 g6 23. Qc2 Nd5 24. Bd4 Nxf4 25. Qe4 Ne6 26. exd6 Nxd4 27. Qxd4 Qa7 28. Rad1 Red8 29. Qxa7 Rxa7 30. Rd5 Rxd6 31. Rxb5 Rxa2 32. Ne5 Ra7 33. Nxc4 Rc6 34. Ne5 Rc2 35. Rb8 Kg7 36. Nd3 Rd7 37. Rf3 Rd2 38. Rb3 Bd6 39. Kf1 Re7 40. Nf2 Bc5 0-1

[Event "Pardubice op rap 24th"]
[Site "Pardubice"]
[Date "2013.07.18"]
[Round "5"]
[White "Matrahalmi, Tibor"]
[Black "Krasovskiy, Kirill"]
[Result "0-1"]
[WhiteElo "2308"]
[BlackElo "2045"]
[PlyCount "72"]
[EventDate "2013.07.17"]
[EventType "swiss (rapid)"]
[EventRounds "9"]
[EventCountry "CZE"]
[SourceTitle "CBM 155 Extra"]
[Source "ChessBase"]
[SourceDate "2013.08.26"]
[SourceVersion "1"]
[SourceVersionDate "2013.08.26"]
[SourceQuality "1"]

1. d4 e6 2. c4 Nf6 3. Nc3 Bb4 4. e3 b6 5. Nf3 Bb7 6. Bd3 Bxc3+ 7. bxc3 Ne4 8. Qc2 f5 9. 0-0 0-0 10. Nd2 Nxd2 11. Bxd2 Qh4 12. f3 d6 13. e4 f4 14. e5 dxe5 15. Be4 Bxe4 16. Qxe4 Nd7 17. Qc6 Qe7 18. Qxc7 Rfc8 19. Qb7 exd4 20. cxd4 Qd6 21. Qe4 Nf6 22. Qxf4 Qxf4 23. Bxf4 Rxc4 24. Be5 Rac8 25. a4 Nd5 26. Kf2 Rc2+ 27. Kg3 Ne3 28. Rg1 R8c4 29. a5 b5 30. a6 b4 31. Bb8 Rxd4 32. h3 Rd7 33. Rac1 b3 34. Kf4 Nd5+ 35. Ke5 Kf7 36. Rge1 Nb4 0-1

[Event "Varna op 7th"]
[Site "Varna"]
[Date "2013.06.25"]
[Round "7"]
[White "Spassov, Liuben"]
[Black "Krasovskiy, Kirill"]
[Result "1-0"]
[WhiteElo "2335"]
[BlackElo "2045"]
[PlyCount "79"]
[EventDate "2013.06.19"]
[EventType "swiss"]
[EventRounds "9"]
[EventCountry "BUL"]
[SourceTitle "CBM 155 Extra"]
[Source "ChessBase"]
[SourceDate "2013.08.26"]
[SourceVersion "1"]
[SourceVersionDate "2013.08.26"]
[SourceQuality "1"]

1. d4 e6 2. c4 Nf6 3. g3 Bb4+ 4. Bd2 Be7 5. Nf3 b6 6. Nc3 Bb7 7. Bg2 Ne4 8. 0-0 0-0 9. Qc2 Nxd2 10. Qxd2 d6 11. e4 Bf6 12. Rad1 g6 13. Rfe1 Qe7 14. h4 h5 15. Ng5 Bg7 16. f4 c5 17. dxc5 dxc5 18. e5 Bxg2 19. Qxg2 Na6 20. a3 Rad8 21. Nb5 Nb8 22. Qe4 Bh6 23. Nf3 Rxd1 24. Rxd1 a6 25. Nc3 Qc7 26. Qd3 Rc8 27. Ne4 Bf8 28. Nf6+ Kg7 29. Nxh5+ Kh8 30. Nf6 Be7 31. Ng5 Kg7 32. h5 Bxf6 33. exf6+ Kxf6 34. hxg6 fxg6 35. Nxe6 Qc6 36. Nd8 Qc7 37. Qc3+ Kf5 38. Rd5+ Kg4 39. Rg5+ Kh3 40. Qf3 1-0

[Event "EU-ch U16"]
[Site "Prague"]
[Date "2012.08.21"]
[Round "5"]
[White "Radovanovic, Nikola"]
[Black "Krasovskiy, Kirill"]
[Result "1-0"]
[WhiteElo "2184"]
[BlackElo "2024"]
[PlyCount "103"]
[EventDate "2012.08.17"]
[EventType "swiss"]
[EventRounds "9"]
[EventCountry "CZE"]
[SourceTitle "CBM 150 Extra"]
[Source "ChessBase"]
[SourceDate "2012.10.19"]
[SourceVersion "1"]
[SourceVersionDate "2012.10.19"]
[SourceQuality "1"]

1. e4 e6 2. d4 d5 3. e5 c5 4. Qg4 f5 5. Qg3 cxd4 6. Nf3 Qb6 7. Bd3 Ne7 8. 0-0 Nec6 9. a3 a5 10. h4 Nd7 11. Re1 Nc5 12. Nbd2 a4 13. Ng5 Ne4 14. Ndxe4 dxe4 15. Bc4 Na5 16. Be2 Qc7 17. Nxh7 Qf7 18. Nxf8 Kxf8 19. Rd1 Nc6 20. Bb5 Ra5 21. Bxc6 bxc6 22. Rxd4 Rd5 23. Rxd5 exd5 24. Bg5 Be6 25. Qe3 Qb7 26. b4 Kf7 27. Rd1 Rc8 28. Qc5 Rc7 29. c4 Rd7 30. cxd5 Rxd5 31. Rxd5 Bxd5 32. h5 Qd7 33. h6 gxh6 34. Bxh6 Bb3 35. Qf8+ Kg6 36. Qf6+ Kh7 37. Qh4 Kg6 38. Kh2 Bd5 39. Kg3 Bb3 40. Be3 Qg7 41. Kf4 Be6 42. Bc1 Qh6+ 43. Qxh6+ Kxh6 44. Ke3 Kg6 45. Kd4 Bd5 46. b5 Kf7 47. b6 Ke6 48. Bf4 Kd7 49. e6+ Kc8 50. Ke5 e3 51. Bxe3 Bxg2 52. e7 1-0